000 00727cam a22002653a 4500
001 24198
003 PGUSA
005 20140828083522.0
008 080107s2008||||xxu|||||s|||||000 1 eng d
040 _aPGUSA
_beng
042 _adc
050 4 _aPS
100 1 _aGarrett, Randall,
_d1927-1987
245 1 2 _aA Spaceship Named McGuire
_h[electronic resource] /
_cRandall Garrett
260 _bProject Gutenberg,
_c2008
506 _aPublic domain in the USA.
516 _aElectronic text
653 _aSpace ships -- Fiction
653 _aRobots -- Fiction
653 _aScience fiction
700 1 _aDouglas
830 0 _aProject Gutenberg
_v24198
856 4 0 _uhttp://www.gutenberg.org/ebooks/24198
942 _cEB
999 _c253453
_d253453